Speed ​​test - Mathematics - 1 100x - Statistics

General Stats
  • This quiz has been taken 443 times
  • The average score is 65 of 100
Answer Stats
1 % Correct
1
100%
1
87%
1
86%
1
85%
1
84%
1
84%
1
84%
1
83%
1
83%
1
82%
1
82%
1
81%
1
80%
1
80%
1
80%
1
80%
1
79%
1
79%
1
78%
1
77%
1
77%
1
76%
1
76%
1
76%
1
75%
1
75%
1
74%
1
74%
1
74%
1
74%
1
74%
1
74%
1
74%
1
73%
1
73%
1
73%
1
73%
1
72%
1
72%
1
72%
1
72%
1
71%
1
71%
1
71%
1
70%
1
70%
1
69%
1
69%
1
69%
1
69%
1
69%
1
68%
1
68%
1
66%
1
66%
1
66%
1
64%
1
62%
1
62%
1
61%
1
60%
1
60%
1
59%
1
59%
1
58%
1
58%
1
57%
1
57%
1
57%
1
57%
1
57%
1
56%
1
56%
1
55%
1
54%
1
54%
1
54%
1
53%
1
52%
1
50%
1
50%
1
50%
1
50%
1
49%
1
49%
1
49%
1
48%
1
48%
1
48%
1
46%
1
46%
1
46%
1
45%
1
45%
1
44%
1
44%
1
43%
1
42%
1
41%
1
41%
No matching quizzes found
Score Distribution
Percent of People with Each Score
Percentile by Number Answered
Your Score History
You have not taken this quiz